Statistiques concernant Les clubs ayant éliminé le FC Nantes en coupe d'Europe (C1, C2, C3)

Cliquez ici pour prendre le quiz!

Statistiques générales

  • Ce quiz a été pris 69 fois
  • Le résultat moyen est 7 sur 20

Statistiques - réponses

AnnéeClub% Correct
1996 (demi-finale C1)Juventus FC (Italie)
92%
1981 (8e de finale C1) | 1986 (quart de finale C3)FC Internazionale Milano (Italie)
68%
2000 (16e de finale C3)Arsenal FC (Angleterre)
61%
1980 (demi-finale C2) | 1994 (32e de finale C3)València CF (Espagne)
54%
2001 (8e de finale C3)FC Porto (Portugal)
51%
1979 (32e de finale C3)SL Benfica (Portugal)
47%
1995 (quart de finale C3)TSV Bayer 04 Leverkusen (Allemagne)
42%
1967 (8e de finale C1)Celtic FC (Écosse)
41%
1978 (8e de finale C1)Club Atlético de Madrid (Espagne)
34%
1972 (16e de finale C3)Tottenham Hotspur FC (Angleterre)
34%
1966 (16e de finale C1)FK Partizan (Yougoslavie)
22%
1987 (32e de finale C3)Torino FC (Italie)
19%
1984 (16e de finale C1)SK Rapid Wien (Autriche)
14%
1998 (32e de finale C3)Århus GF (Danemark)
7%
1974 (16e de finale C1)Vejle BK (Danemark)
5%
1971 (8e de finale C2)Cardiff City FC (Pays de Galles)
5%
1975 (16e de finale C3)FC Baník Ostrava (Tchécoslovaquie)
3%
1982 (32e de finale C3)KSC Lokeren (Belgique)
3%

Distribution des résultats

Percentile par nombre de réponses

% des personnes avec chaque résultat

Votre développement - résultats

Vous n’avez pas pris ce quiz